[Event "Let's Play Chess!"]
[Site "http://www.queenalice.com/game.php?id=1507771"]
[Date "2017.12.13"]
[Round "-"]
[White "charles31"]
[Black "natoxi"]
[Result "1-0"]
[WhiteElo "1729"]
[BlackElo "1100"]

1. d4 d5 2. Nc3 Nf6 3. h3 Nc6 4. Nf3 b6 5. a3 e6 6. Bg5 h6 7. Bh4 Ba6 8. Ne5
Nxe5 9. dxe5 g5 10. Bg3 Nd7 11. e3 Bg7 12. Bxa6 Bxe5 13. Bxe5 Nxe5 14. Qd4 Qd6
15. Nb5 Qe7 16. Qxe5 f6 17. Qd4 c6 18. Nc3 c5 19. Qd3 Qd7 20. Bb5 c4 21. Bxd7+
Kxd7 22. Qg6 Rag8 23. Qxf6 Rf8 24. Qg7+ Ke8 25. Qxa7 h5 26. Qxb6 Rh6 27. Nxd5
Rf7 28. Nc7+ Ke7 29. Qxe6+ Rxe6 30. Nxe6 Kxe6 31. Rd1 Kf6 32. Rd4 Kg6 33. Ke2
Kg7 34. Rxc4 Rb7 35. b3 Ra7 36. a4 Kg6 37. Rd1 Rf7 38. Rd6+ Kg7 39. Rc5 g4 40.
hxg4 hxg4 41. Rg5+ Kh8 42. Rxg4 Kh7 43. Rd8 Re7 44. f3 Rf7 45. Rd5 Kh8 46. Rh5+
Rh7 47. Rhg5 Rh6 48. Rg8+ Kh7 49. R4g7# 1-0

[Event "Let's Play Chess!"]
[Site "http://www.queenalice.com/game.php?id=1507772"]
[Date "2017.12.13"]
[Round "-"]
[White "natoxi"]
[Black "charles31"]
[Result "1-0"]
[WhiteElo "1055"]
[BlackElo "1718"]

1. e4 e5 2. Nf3 d6 3. d3 h6 4. c4 Be6 5. d4 exd4 6. Nxd4 Qd7 7. Nc3 a6 8. Be2
Be7 9. O-O Nc6 10. Be3 Nf6 11. h3 Ne5 12. b3 c5 13. Nf5 Bxf5 14. exf5 Qxf5 15.
g4 Qg6 16. f4 Nc6 17. Bd3 Qxd3 18. Qxd3 Nb4 19. Qd2 O-O-O 20. Bf2 b5 21. a3 Nc6
22. cxb5 axb5 23. Nxb5 Kb7 24. b4 c4 25. Rac1 d5 26. g5 Ne4 27. Qe3 hxg5 28. Kg2
f5 29. Rb1 Rh5 30. Qb6+ 1-0

[Event "Challenge"]
[Site "http://www.queenalice.com/game.php?id=1507805"]
[Date "2017.12.13"]
[Round "-"]
[White "elisa"]
[Black "natoxi"]
[Result "0-1"]
[WhiteElo "1336"]
[BlackElo "1055"]

1. e4 e5 2. Bc4 Nf6 3. d3 a6 4. Nc3 c6 5. Nf3 b5 6. Bb3 Qb6 7. Be3 Bc5 8. O-O b4
9. Na4 Qb5 10. Bxc5 a5 11. Nb6 Ra6 12. Nxc8 Qxc5 13. Bc4 Kd8 14. Bxa6 Nxa6 15.
d4 Qb5 16. c4 Qb8 17. Nxe5 Kxc8 18. f4 d6 19. Nxf7 Rf8 20. e5 Rxf7 21. exf6 Rxf6
22. Qe2 Qa7 23. Qe8+ Kb7 24. Qe7+ Kb6 25. Qd8+ Nc7 26. Rfe1 Ka6 27. Re7 Kb6 28.
Rc1 c5 29. Rd1 Rxf4 30. d5 Rxc4 31. Qc8 Rd4 32. Rde1 Rxd5 33. R1e6 c4 34. Rxg7
Kc6+ 35. Kf1 Rf5+ 36. Ke2 Qf2+ 37. Kd1 Rd5+ 38. Kc1 Qd2+ 39. Kb1 Qd1# 0-1

[Event "Challenge"]
[Site "http://www.queenalice.com/game.php?id=1508469"]
[Date "2017.12.18"]
[Round "-"]
[White "elisa"]
[Black "natoxi"]
[Result "1-0"]
[WhiteElo "1264"]
[BlackElo "1206"]

1. e4 e5 2. Bc4 d6 3. d3 Nc6 4. Nf3 a6 5. Bd2 Nf6 6. Bg5 h6 7. Bh4 g5 8. Bg3 b5
9. Bb3 Be6 10. O-O a5 11. Nc3 a4 12. Nxb5 axb3 13. cxb3 Qd7 14. Qc2 Ra5 15. a4
d5 16. Qc3 d4 17. Qd2 Bxb3 18. Nxe5 Nxe5 19. Qxa5 Nxd3 20. Qa8+ Ke7 21. Rac1
Nxc1 22. Rxc1 Bd5 23. Qa7 Bxe4 24. Rxc7 Bg7 25. Bd6+ Ke6 26. Qxd4 Ne8 27. Qxe4+
Kf6 28. Qe5+ Kg6 29. Qc5 Nxc7 30. h3 Rc8 31. Nxc7 Bf6 32. b4 Qxa4 33. b5 Qa1+
34. Kh2 Rd8 35. b6 Rxd6 36. Qxd6 Kh7 37. Nd5 Be5+ 38. f4 Bxd6 39. b7 gxf4 40. h4
Qa3 41. Nf6+ Kg7 42. Ne8+ Kf8 43. Nf6 Qg3+ 44. Kg1 Qxh4 45. Ne4 Qg4 46. Nxd6 f3
47. b8=Q+ Kg7 48. Kf2 Qxg2+ 49. Ke3 Qg3 50. Nf5+ Kf6 51. Nxg3 f2 52. Kxf2 Kg7
53. Nh5+ Kg6 54. Nf4+ Kf6 55. Kf3 Kg7 56. Kg4 Kh7 57. Qf8 h5+ 58. Nxh5 f5+ 59.
Qxf5+ Kh8 60. Qf6+ Kh7 61. Qg7# 1-0

[Event "AUTO-BEG-656"]
[Site "http://www.queenalice.com/game.php?id=1508481"]
[Date "2017.12.18"]
[Round "1"]
[White "Iceberg"]
[Black "natoxi"]
[Result "1-0"]
[WhiteElo "1302"]
[BlackElo "1220"]

1. e4 e5 2. Nc3 Bc5 3. Qh5 Nc6 4. Nf3 d6 5. Ng5 Nh6 6. Bc4 Be6 7. Nxe6 g6 8. Qh3
fxe6 9. d3 Qf6 10. O-O Ke7 11. Bxe6 Qxe6 12. Nd5+ Kd7 13. Qxh6 Rhf8 14. Bg5 Rae8
15. c4 Rf7 16. a3 Ref8 17. b4 Bxf2+ 18. Kh1 Rf3 19. gxf3 Rxf3 20. Nf6+ Ke7 21.
Qxh7+ Qf7 22. Nd5+ Kf8 23. Bh6+ Ke8 24. Qh8+ Kd7 25. Ra2 Nd4 26. Qg7 Ke6 27.
Raxf2 Rxf2 28. Rxf2 Qxf2 29. Qxg6+ Kd7 30. Nf6+ Kc6 31. Qe8+ Kb6 32. Nd5+ Ka6
33. Qa4# 1-0

[Event "AUTO-BEG-656"]
[Site "http://www.queenalice.com/game.php?id=1508482"]
[Date "2017.12.18"]
[Round "1"]
[White "natoxi"]
[Black "Iceberg"]
[Result "1-0"]
[WhiteElo "1211"]
[BlackElo "1315"]

1. e4 e5 2. Nf3 Bd6 3. Nc3 c6 4. d3 Na6 5. d4 f5 6. exf5 b5 7. Ne4 Qc7 8. dxe5
Bxe5 9. g3 d5 10. Neg5 Bxf5 11. Qe2 O-O-O 12. Nxe5 Nb4 13. Rb1 Nxc2+ 14. Kd1 Nf6
15. Nef7 Rhe8 16. Qf3 Nd4 17. Bf4 Qe7 18. Qc3 Bc2+ 19. Kc1 Qe1+ 20. Qxe1 Rxe1+
21. Kd2 Rxb1 22. Nxd8 Rd1+ 23. Kc3 Ng4 24. Bg2 Rd3+ 25. Kb4 Kxd8 26. Nf7+ Kc8
27. Re1 Nf6 28. Re7 Bb1 29. Rc7+ Kb8 30. Re7+ Ka8 31. Nd6 Bxa2 32. Rc7 Rb3+ 33.
Ka5 Nd7 34. Rxd7 Ne6 35. Bh3 Kb8 36. Bxe6 Rxb2 37. Rd8+ Kc7 38. Rc8# 1-0

[Event "AUTO-BEG-656"]
[Site "http://www.queenalice.com/game.php?id=1508498"]
[Date "2017.12.18"]
[Round "1"]
[White "natoxi"]
[Black "laSolitude"]
[Result "1-0"]
[WhiteElo "1134"]
[BlackElo "1258"]

1. e4 e5 2. Nf3 Nf6 3. Nc3 Bb4 4. Nxe5 Bxc3 5. dxc3 Nxe4 6. Qf3 Nf6 7. Bc4 d5 8.
Bb3 Be6 9. c4 dxc4 10. Bxc4 Nd5 11. Bb3 1-0

[Event "Challenge"]
[Site "http://www.queenalice.com/game.php?id=1508619"]
[Date "2017.12.20"]
[Round "-"]
[White "saturnin"]
[Black "natoxi"]
[Result "1-0"]
[WhiteElo "1504"]
[BlackElo "1231"]

1. b4 d5 2. d4 e6 3. c3 Nf6 4. a4 Nc6 5. b5 Na5 6. e3 Bd6 7. Ba3 Nc4 8. Bc1 c6
9. Nd2 Nb6 10. a5 Nbd7 11. bxc6 bxc6 12. c4 Bb4 13. c5 Bxa5 14. Be2 a6 15. Nf3
O-O 16. O-O Rb8 17. h3 Bc3 18. g4 Bxa1 19. Nb3 Bc3 20. Nfd2 a5 21. Nf3 a4 22.
Nbd2 Ne4 23. Nxe4 dxe4 24. Nd2 a3 25. Bxa3 Qa5 26. Bc1 Nf6 27. g5 Nd5 28. h4 f6
29. Nxe4 f5 30. Nxc3 Nxc3 31. Qd2 Rb3 32. Bb2 Rf7 33. Bxc3 Qa4 34. Ra1 Rb1+ 35.
Rxb1 Qa7 36. f4 Rb7 37. Rxb7 Bxb7 38. Kf2 Kf7 39. Bc4 Bc8 40. Qd3 Qd7 41. e4 Kf8
42. exf5 exf5 43. d5 Qc7 44. d6 Qd7 45. Bb3 Qa7 46. Qd4 Ke8 47. Qxg7 Qxc5+ 48.
Bd4 Qxd6 49. Qf7+ Kd8 50. Bb6+ Qc7 51. Bxc7# 1-0

[Event "Challenge"]
[Site "http://www.queenalice.com/game.php?id=1508797"]
[Date "2017.12.21"]
[Round "-"]
[White "charles31"]
[Black "natoxi"]
[Result "1-0"]
[WhiteElo "1722"]
[BlackElo "1163"]

1. e4 e5 2. Nf3 Nc6 3. a3 d6 4. Nc3 Nf6 5. h3 b6 6. Bb5 Bd7 7. Ba4 Be7 8. Bxc6
Bxc6 9. d3 O-O 10. g4 b5 11. Be3 a6 12. Nd2 g6 13. g5 Nh5 14. h4 d5 15. exd5
Bxd5 16. Qe2 f6 17. gxf6 Bxf6 18. Rh2 Bxh4 19. O-O-O a5 20. Nxb5 c6 21. Nc3 Rf7
22. Rg1 Qd6 23. Rxh4 Raf8 24. Rxh5 Kh8 25. Nde4 Qd7 26. Rxg6 Qe8 27. Rgh6 Qd7
28. Bc5 Rg8 29. Rxe5 Kg7 30. Rg5+ Kh8 31. Bd4+ Rfg7 32. Rxh7+ Kxh7 33. Qh5# 1-0

[Event "Challenge"]
[Site "http://www.queenalice.com/game.php?id=1511331"]
[Date "2018.1.11"]
[Round "-"]
[White "natoxi"]
[Black "elisa"]
[Result "0-1"]
[WhiteElo "1226"]
[BlackElo "1220"]

1. e4 e5 2. Nf3 Nf6 3. d3 c5 4. c4 d6 5. Nc3 g6 6. g3 Bg4 7. h3 Bh5 8. g4 Nxg4
9. hxg4 Bxg4 10. Rg1 Bh5 11. Qd2 Bxf3 12. Be2 Bh5 13. Qd1 Nc6 14. Bg5 Qd7 15.
Rc1 Nd4 16. Rg3 Be7 17. Bg4 Bxg5 18. Rb1 Bxg4 0-1

[Event "AUTO-INT-3310"]
[Site "http://www.queenalice.com/game.php?id=1511411"]
[Date "2018.1.12"]
[Round "1"]
[White "natoxi"]
[Black "ajr"]
[Result "0-1"]
[WhiteElo "1208"]
[BlackElo "1641"]

1. d4 d5 2. Nf3 h6 3. c3 Bg4 4. e3 a6 5. h3 Bxf3 6. Qxf3 Nf6 7. c4 e6 8. cxd5
Bb4+ 9. Bd2 Bxd2+ 10. Nxd2 Qxd5 11. Qxd5 exd5 12. g4 Nc6 13. O-O-O Nb4 14. Kb1
Kd7 15. Rc1 Kd6 16. a3 Nc6 17. Bg2 Rhe8 0-1

[Event "AUTO-INT-3310"]
[Site "http://www.queenalice.com/game.php?id=1511412"]
[Date "2018.1.12"]
[Round "1"]
[White "ajr"]
[Black "natoxi"]
[Result "1-0"]
[WhiteElo "1639"]
[BlackElo "1210"]

1. Nf3 Nc6 2. Nc3 e5 3. e4 d6 4. h3 b6 5. Bb5 Bd7 6. d3 a6 7. Bxc6 Bxc6 8. O-O
Qd7 9. a3 O-O-O 10. b3 Nf6 11. Bg5 h6 12. Bxf6 gxf6 13. a4 b5 14. axb5 axb5 15.
d4 Rg8 16. d5 b4 17. Ne2 Bb5 18. Re1 1-0

[Event "AUTO-INT-3310"]
[Site "http://www.queenalice.com/game.php?id=1511415"]
[Date "2018.1.12"]
[Round "1"]
[White "natoxi"]
[Black "papyrusmoon"]
[Result "0-1"]
[WhiteElo "1206"]
[BlackElo "1381"]

1. d4 d5 2. g3 Nc6 3. Nc3 e5 4. Nf3 Bf5 5. Bg5 f6 6. e3 fxg5 7. dxe5 Bb4 8. Qd2
Nge7 9. Nxg5 Nxe5 10. Rg1 h6 11. Nh3 Nf3+ 12. Ke2 Nxd2 13. Kxd2 d4 14. exd4
Qxd4+ 15. Bd3 O-O-O 16. a3 Ba5 17. b4 Bb6 18. Ne2 Qd5 19. Rgf1 Bxh3 20. Rfe1
Bxf2 21. Nf4 Bxe1+ 22. Kxe1 Qh1+ 23. Kd2 Qxa1 0-1

[Event "AUTO-INT-3310"]
[Site "http://www.queenalice.com/game.php?id=1511416"]
[Date "2018.1.12"]
[Round "1"]
[White "papyrusmoon"]
[Black "natoxi"]
[Result "1-0"]
[WhiteElo "1390"]
[BlackElo "1197"]

1. e4 Nf6 2. Nc3 e5 3. Bb5 c6 4. Ba4 b5 5. Bb3 g6 6. Nf3 Qc7 7. O-O Na6 8. d4
exd4 9. Nxd4 Ng4 10. Qxg4 d6 11. Qf4 f5 12. Re1 Bg7 13. Be3 Be5 14. Qg5 Qe7 15.
Qh6 c5 16. Nc6 Qd7 17. Nxe5 dxe5 18. Red1 Qc7 19. Nd5 Qd7 20. Nf6+ Kd8 21. Rxd7+
1-0